Statistics for Countries where Queen Elizabeth II is the monarch

Click here to take the quiz!

General Stats

  • This quiz has been taken 41 times
  • The average score is 14 of 16

Answer Stats

Country% Correct
Australia
97%
Canada
97%
New Zealand
97%
United Kingdom
97%
Saint Lucia
92%
Bahamas
90%
Barbados
90%
Jamaica
90%
Saint Kitts and Nevis
90%
Antigua and Barbuda
87%
Saint Vincent and the Grenadines
85%
Tuvalu
82%
Belize
77%
Grenada
77%
Solomon Islands
67%
Papua New Guinea
56%

Score Distribution

Percentile by Number Answered

Percent of People with Each Score

Your Score History

You have not taken this quiz